000 02198nam0a2200337 4500
001 RU\NLR\bibl\840507
005 20260407120411.0
021 _aRU
_b2005-50324
_92451
035 _a(NLR Aleph) 000829333
090 _a1350728
_c1350728
100 _a20050914d2005 |||y0rusy50 ca
101 0 _arus
102 _aRU
105 _aa |||||||||
200 1 _aМаги белые, серые, черные: кто они?
_eсборник публикаций автора в докладах VII и VIII Международных конгрессов "БЭИТ-2004" и "БЭИТ-2005"
_e(информационно-справочное пособие)
_fП.И. Госьков
_gМ-во образования и науки Рос. Федерации, Алтай. гос. техн. ун-т им. И.И. Ползунова, Междунар. высш. шк. ДККЭЦ
210 _aМосква
_aБарнаул
_cАлтГТУ
_d2005
215 _a85 с.
_cил.
_d21
300 _aНа 2-й с. обл. авт.- д.энерго-информ.н., д.т.н., проф., акад. Рос. и Междунар. акад.
320 _aБиблиогр.: с. 84-85 (8 назв.)
606 1 _aМагия
_91615580
_3RU\NLR\auth\66712354
606 1 _aПсихоэнергетика
_92099156
_3RU\NLR\auth\661269768
686 _aЭ240.03
686 _aЮ96
700 1 _aГоськов
_bП. И.
_gПавел Иннокентьевич
_4070
711 1 2 _4070
_a"Некомпьютерные информационные технологии (биоинформационные, энергоинформационные и др.)", международный научный конгресс
_d7
_f2004
_eБарнаул
_3RU\NLR\AUTH\8810056811
_9614499
711 1 2 _4070
_a"Биоинформационные и энергоинформационные технологии в производственной, в социальной и в духовной сферах", международный научный конгресс
_d8
_f2005
_eБарнаул
_3RU\NLR\AUTH\8810068878
_9639374
801 0 _aRU
_bNLR
_c20050914
_grcr
801 1 _aRU
_bNLR
_c20050914
942 _cBOOK
980 _aNB